000 00331nam a2200097Ia 4500
008 220120s9999||||xx |||||||||||||| ||und||
100 _aKavin Kuttanna, Linitha, Ponnanna and Thimmaiah
_912666
245 0 _aCoffee cleaning machine
260 _aCoorg Institute of Technology
_bPonnampet
_c2003
650 _aELECTRONICS AND COMMUNICATIONS
999 _c138265
_d138265